New headway plus: (Record no. 8126)

MARC details
000 -LEADER
fixed length control field 01066nas a22003135a 4500
003 - CONTROL NUMBER IDENTIFIER
control field EG-ScBUE
005 - DATE AND TIME OF LATEST TRANSACTION
control field 20220524101939.0
008 - FIXED-LENGTH DATA ELEMENTS--GENERAL INFORMATION
fixed length control field 101014r20102006enka f 000 0 eng d
020 ## - INTERNATIONAL STANDARD BOOK NUMBER
International Standard Book Number 0194715590
020 ## - INTERNATIONAL STANDARD BOOK NUMBER
International Standard Book Number 9780194715591
040 ## - CATALOGING SOURCE
Original cataloging agency EG-ScBUE
Language of cataloging eng
Description conventions rda
Transcribing agency EG-ScBUE
Modifying agency EG-ScBUE
082 04 - DEWEY DECIMAL CLASSIFICATION NUMBER
Classification number 428.24
Item number SOA
Edition number 22
100 1# - MAIN ENTRY--PERSONAL NAME
Personal name Soars, Liz,
Relator term author.
9 (RLIN) 13897
245 10 - TITLE STATEMENT
Title New headway plus:
Name of part/section of a work Elementary,
-- Workbook without key /
Statement of responsibility, etc Liz and John Soars.
250 ## - EDITION STATEMENT
Edition statement Reprinted edition.
264 #1 - PUBLICATION, DISTRIBUTION, ETC. (IMPRINT)
Place of publication, distribution, etc Oxford :
Name of publisher, distributor, etc Oxford University Press,
Date of publication, distribution, etc 2010.
300 ## - PHYSICAL DESCRIPTION
Extent 159 pages :
Other physical details illustrations ;
Dimensions 28 cm
336 ## - CONTENT TYPE
Source rdacontent
Content type term text
Content type code txt
337 ## - MEDIA TYPE
Source rdamedia
Media type term unmediated
Media type code n
338 ## - CARRIER TYPE
Source rdacarrier
Carrier type term volume
Carrier type code nc
590 ## - LOCAL NOTE (RLIN)
Local note Mohamed Hussein
650 #7 - SUBJECT ADDED ENTRY--TOPICAL TERM
Topical term or geographic name as entry element English language
Form subdivision Textbooks for foreign speakers.
Source of heading or term BUEsh
9 (RLIN) 20412
650 #7 - SUBJECT ADDED ENTRY--TOPICAL TERM
Topical term or geographic name as entry element English language
General subdivision Grammar
-- Problems, exercises.
Source of heading or term BUEsh
9 (RLIN) 20413
651 ## - SUBJECT ADDED ENTRY--GEOGRAPHIC NAME
Source of heading or term BUEsh
653 ## - INDEX TERM--UNCONTROLLED
Arrived date list August2015
Resource For college Humanities: English
655 ## - INDEX TERM--GENRE/FORM
Form subdivision Reading book
9 (RLIN) 34232
700 1# - ADDED ENTRY--PERSONAL NAME
Personal name Soars, Joan,
Relator term author.
9 (RLIN) 20414
942 ## - ADDED ENTRY ELEMENTS (KOHA)
Koha item type Book - Borrowing
Call number prefix 428.24 SOA
Source of classification or shelving scheme Dewey Decimal Classification
Holdings
Withdrawn status Lost status Damaged status Not for loan Home library Current library Shelving location Date acquired Source of acquisition Total Checkouts Total Renewals Full call number Barcode Checked out Date last seen Date checked out Price effective from Koha item type Source of classification or shelving scheme Collection code
        Central Library Central Library Second Floor 24/02/2008 Purchase 5 1 428.24 SOA 000009930 11/10/2012 20/09/2012 20/09/2012 24/02/2008 Book - Borrowing    
        Central Library Central Library Second Floor 17/08/2009   5   428.24 SOA 000017976   15/07/2025 04/12/2013 17/08/2009 NB - Book (Non borrowing) Dewey Decimal Classification  
        Central Library Central Library Second Floor 14/10/2010   14 5 428.24 SOA 000006406   15/07/2025 12/05/2015 14/10/2010 Book - Borrowing Dewey Decimal Classification